000
00396nam a2200157Ia 4500
008
100122s9999 xx 000 0 und d
082
_b
76895
_a
BM781.24
100
_a
नाटेकर सुनिल
245
_a
स्वरभाषा
250
_a
1
260
_c
2008
300
_a
127
630
_a
स्वरभाषा
730
_a
स्वरभाषा
942
_c
BOOK
999
_c
393824
_d
393821